[Event "Sligo Chess and Culture Festival Championship 2026"]
[Site "Enniscrone IRL"]
[Date "2026.01.31"]
[Round "2.2"]
[White "McClatchey, Rob"]
[Black "Foenander, Phillip"]
[Result "1-0"]
[WhiteElo "1731"]
[BlackElo "1690"]
[BlackICU "1692"]
[BlackClub "Limerick"]
[WhiteNationality "ENG"]
[BlackNationality "IRL"]
[WhiteFideId "479217"]
[BlackFideId "2505444"]
[PlyCount "101"]
[ChessResultsKey "1241835"]
[EventSection "3/5"]
[Venue "Diamond Coast Hotel"]
[EventDate "2026.01.30"]

{ Event information: <a
href="https://www.irlchess.com/sligo-cship2026_allfiles/pairings_sligo-cship2026.html">Tournament
report</a>. }

1. d4 Nf6 2. Nf3 d5 3. e3 e6 4. Bd3 Bd6 5. O-O O-O 6. Nbd2 Nbd7 7. c4 c6 8.
Re1 e5 9. e4 dxe4 10. Nxe4 Nxe4 11. Bxe4 f5 12. Bc2 e4 13. Ng5 Nf6 14. Bb3
Kh8 15. c5 Bxh2+ 16. Kxh2 Ng4+ 17. Kg1 Qc7 18. f4 h6 19. Nh3 Qe7 20. Be3
Qh4 21. Qe2 Qg3 22. Bf2 Qh2+ 23. Kf1 Qh1+ 24. Bg1 Bd7 25. Red1 Rae8 26. Ke1
Nh2 27. Kd2 Nf3+ 28. Kc3 Nxg1 29. Rxg1 Qh2 30. Qe3 g5 31. Nxg5 Kg7 32. Rh1
Qxg2 33. Rag1 Qxg1 34. Rxg1 hxg5 35. Rxg5+ Kf6 36. Qg3 Ke7 37. Rg7+ Kd8 38.
Qg5+ Kc8 39. Kd2 e3+ 40. Ke2 Re4 41. Re7 Rxe7 42. Qxe7 Re8 43. Qd6 Re4 44.
Bf7 Kd8 45. Bg6 Re6 46. Qb8+ Ke7 47. Bxf5 Rf6 48. Bxd7 Kxd7 49. Qxb7+ Ke8
50. Kxe3 Re6+ 51. Kf3 1-0

[Event "Sligo Chess and Culture Festival Championship 2026"]
[Site "Enniscrone IRL"]
[Date "2026.01.31"]
[Round "2.3"]
[White "Aashay, R. Kher"]
[Black "Grant, Cian"]
[Result "1-0"]
[WhiteElo "1717"]
[BlackElo "1686"]
[BlackICU "1715"]
[WhiteNationality "IND"]
[BlackNationality "IRL"]
[WhiteFideId "25933337"]
[BlackFideId "2516837"]
[PlyCount "93"]
[ChessResultsKey "1241835"]
[EventSection "3/5"]
[Venue "Diamond Coast Hotel"]
[EventDate "2026.01.30"]

{ Event information: <a
href="https://www.irlchess.com/sligo-cship2026_allfiles/pairings_sligo-cship2026.html">Tournament
report</a>. }

1. e4 c6 2. d4 d5 3. exd5 cxd5 4. Bb5+ Nc6 5. c3 Nf6 6. Nf3 Bg4 7. h3 Bxf3
8. Qxf3 a6 9. Ba4 b5 10. Bc2 e6 11. O-O Be7 12. Bg5 b4 13. Ba4 Rc8 14. Nd2
Qa5 15. Nc4 dxc4 16. Bxc6+ Kf8 17. Bxf6 Bxf6 18. Rfe1 bxc3 19. bxc3 Qc7 20.
Rab1 Rb8 21. Rxb8+ Qxb8 22. d5 e5 23. Qf5 h5 24. Rb1 Qd8 25. Qe4 g6 26.
Qxc4 Kg7 27. Qxa6 Qc8 28. Qxc8 Rxc8 29. a4 Bd8 30. Rb5 Rc7 31. Rb7 Rxb7 32.
Bxb7 Kf8 33. c4 Bb6 34. Kf1 Ke7 35. Ke2 Kd6 36. Bc6 h4 37. Be8 Ke7 38. Bb5
Kd6 39. f3 f6 40. Kd3 Kc5 41. Be8 g5 42. Bb5 Kd6 43. Ke4 Bd8 44. Kf5 Ke7
45. c5 Ba5 46. d6+ Kf7 47. c6 1-0

[Event "Sligo Chess and Culture Festival Championship 2026"]
[Site "Enniscrone IRL"]
[Date "2026.01.31"]
[Round "2.4"]
[White "Crowe, John"]
[Black "Ranade, Akshay"]
[Result "0-1"]
[WhiteElo "1670"]
[BlackElo "1716"]
[WhiteICU "1686"]
[BlackICU "1800"]
[WhiteClub "Lucan"]
[BlackClub "Cork"]
[WhiteNationality "IRL"]
[BlackNationality "IRL"]
[WhiteFideId "2529513"]
[BlackFideId "2515270"]
[PlyCount "80"]
[ChessResultsKey "1241835"]
[EventSection "3/5"]
[Venue "Diamond Coast Hotel"]
[EventDate "2026.01.30"]

{ Event information: <a
href="https://www.irlchess.com/sligo-cship2026_allfiles/pairings_sligo-cship2026.html">Tournament
report</a>. }

1. d4 d5 2. c4 e6 3. Nc3 Nf6 4. Bg5 c5 5. e3 cxd4 6. exd4 Be7 7. Nf3 O-O 8.
Bd3 Nc6 9. O-O a6 10. Rc1 dxc4 11. Bxc4 b5 12. Bb3 Bb7 13. Bxf6 Bxf6 14. d5
exd5 15. Bxd5 Qb6 16. Qb3 Rad8 17. Na4 Qc7 18. Bxc6 Bxc6 19. Nc5 Bd5 20.
Qa3 Qb6 21. b4 Rd6 22. Rfe1 Rfd8 23. Rc2 g6 24. Rce2 Kg7 25. Nd2 Bxg2 26.
Nde4 Bxe4 27. Nxe4 Rd3 28. Qc1 Bd4 29. Qf4 Rd5 30. Ng5 Rf5 31. Qh4 h6 32.
Ne4 Rh5 33. Qf4 Rf5 34. Qh4 Qc7 35. Ng3 Rf4 36. Qh3 Qc3 37. Qg2 Rxf2 38.
Rxf2 Qxe1+ 39. Nf1 Rd1 40. h4 Rd2 0-1

[Event "Sligo Chess and Culture Festival Championship 2026"]
[Site "Enniscrone IRL"]
[Date "2026.01.31"]
[Round "2.5"]
[White "Foran, Barry"]
[Black "Fitzsimons, Pat"]
[Result "1/2-1/2"]
[WhiteElo "1711"]
[BlackElo "1674"]
[WhiteICU "1708"]
[BlackICU "1660"]
[WhiteClub "Cork"]
[BlackClub "Elm Mount"]
[WhiteNationality "IRL"]
[BlackNationality "IRL"]
[WhiteFideId "2508230"]
[BlackFideId "2502526"]
[PlyCount "98"]
[ChessResultsKey "1241835"]
[EventSection "3/5"]
[Venue "Diamond Coast Hotel"]
[EventDate "2026.01.30"]

{ Event information: <a
href="https://www.irlchess.com/sligo-cship2026_allfiles/pairings_sligo-cship2026.html">Tournament
report</a>. }

1. d4 d5 2. Nf3 Nf6 3. e3 Bf5 4. c4 e6 5. Qb3 Qc8 6. Nc3 c6 7. Bd2 Nbd7 8.
Be2 Be7 9. O-O dxc4 10. Bxc4 O-O 11. Nh4 Nb6 12. Nxf5 exf5 13. Bd3 Rd8 14.
Rac1 Qd7 15. Rfe1 Bf8 16. Bf1 Re8 17. Na4 Nxa4 18. Qxa4 Ne4 19. Bb4 Bxb4
20. Qxb4 Rad8 21. Red1 a6 22. g3 Re6 23. Bg2 Nf6 24. Rc3 Nd5 25. Bxd5 cxd5
26. Rdc1 Qe7 27. Qxe7 Rxe7 28. Rc7 Kf8 29. R1c5 Red7 30. Kg2 Ke7 31. Kf3 g6
32. h4 Rxc7 33. Rxc7+ Rd7 34. Rc8 Rd8 35. Rxd8 Kxd8 36. Kf4 f6 37. h5 Ke7
38. hxg6 hxg6 39. g4 fxg4 40. Kxg4 Ke6 41. f4 b5 42. b4 Kf7 43. Kf3 Ke6 44.
Kg4 Kf7 45. Kf3 Ke6 46. e4 dxe4+ 47. Kxe4 f5+ 48. Ke3 Kd5 49. Kd3 Kd6
1/2-1/2

[Event "Sligo Chess and Culture Festival Championship 2026"]
[Site "Enniscrone IRL"]
[Date "2026.01.31"]
[Round "2.7"]
[White "Mariya Boby, Angel"]
[Black "Biswal, Saiansh"]
[Result "1/2-1/2"]
[WhiteElo "1665"]
[BlackElo "1698"]
[WhiteICU "1730"]
[WhiteNationality "IRL"]
[BlackNationality "IRL"]
[WhiteFideId "2535564"]
[BlackFideId "2518155"]
[PlyCount "122"]
[ChessResultsKey "1241835"]
[EventSection "3/5"]
[Venue "Diamond Coast Hotel"]
[EventDate "2026.01.30"]

{ Event information: <a
href="https://www.irlchess.com/sligo-cship2026_allfiles/pairings_sligo-cship2026.html">Tournament
report</a>. }

1. e4 c6 2. d4 d5 3. exd5 cxd5 4. Bd3 Nc6 5. c3 Nf6 6. h3 e6 7. Bf4 Bd6 8.
Bxd6 Qxd6 9. Nf3 O-O 10. O-O b6 11. Nbd2 Bb7 12. Re1 Rfe8 13. Qe2 h6 14.
Ne5 Nd7 15. Nxc6 Bxc6 16. Nf3 Qf4 17. Qe3 Qxe3 18. Rxe3 Re7 19. Rae1 Rae8
20. Ne5 Nxe5 21. Rxe5 f6 22. R5e3 Kf7 23. f4 f5 24. g4 g6 25. Kf2 Bb7 26.
Kg3 Rc8 27. gxf5 gxf5 28. Bxf5 Rg8+ 29. Kf2 Rge8 30. Bg4 Kf6 31. Re5 Bc8
32. Be2 Rg8 33. Bg4 Rge8 34. Kf3 a6 35. Ke3 Rg8 36. Kd2 Rge8 37. Rf1 Kg7
38. Rg1 Kh7 39. Be2 Rg7 40. Bd3+ Kg8 41. Rge1 Kf7 42. R1e2 b5 43. Rf2 Ke7
44. f5 Rf8 45. Rfe2 Kd6 46. fxe6 Re7 47. Bf5 Rf6 48. b4 Bxe6 49. Bxe6 Rfxe6
50. Rxe6+ Rxe6 51. Rxe6+ Kxe6 52. Ke3 Kf5 53. Kf3 Kg5 54. Kg3 Kg6 55. Kf4
Kf6 56. h4 Ke6 57. Ke3 Kf6 58. Kf4 Ke6 59. Kg3 Kf5 60. Kf3 Kf6 61. Kg4 Kg6
1/2-1/2

[Event "Sligo Chess and Culture Festival Championship 2026"]
[Site "Enniscrone IRL"]
[Date "2026.01.31"]
[Round "2.8"]
[White "McDonnell, Joe"]
[Black "White, George"]
[Result "0-1"]
[WhiteElo "1601"]
[BlackElo "1693"]
[WhiteICU "1712"]
[BlackICU "1801"]
[WhiteClub "Castlebar"]
[BlackClub "Knights of Eanna"]
[WhiteNationality "IRL"]
[BlackNationality "IRL"]
[WhiteFideId "2507277"]
[BlackFideId "2520354"]
[PlyCount "77"]
[ChessResultsKey "1241835"]
[EventSection "3/5"]
[Venue "Diamond Coast Hotel"]
[EventDate "2026.01.30"]

{ Event information: <a
href="https://www.irlchess.com/sligo-cship2026_allfiles/pairings_sligo-cship2026.html">Tournament
report</a>. }

1. e4 c5 2. Nf3 d6 3. g3 Nf6 4. d3 Nc6 5. Bg2 e5 6. O-O Be7 7. c3 O-O 8. a3
a5 9. b3 Be6 10. d4 cxd4 11. cxd4 Nxd4 12. Nxd4 exd4 13. Nd2 Qb6 14. Rb1 d3
15. Re1 Ng4 16. Qf3 Bf6 17. h3 Ne5 18. Qe3 Qxe3 19. Rxe3 Bd8 20. Nc4 Bxc4
21. bxc4 Nxc4 22. Rxd3 b6 23. Rc3 Ne5 24. f4 Nd7 25. Rc6 Be7 26. Rc7 Rfd8
27. Be3 Rac8 28. Bxb6 Rb8 29. e5 d5 30. Bxd5 Bc5+ 31. Rxc5 Nxc5 32. Rd1
Rxb6 33. Bxf7+ Kxf7 34. Rxd8 Rb3 35. Rd5 Rxg3+ 36. Kf2 Rc3 37. f5 Ne4+ 38.
Ke2 Ng3+ 39. Kd2 0-1

[Event "Sligo Chess and Culture Festival Championship 2026"]
[Site "Enniscrone IRL"]
[Date "2026.01.31"]
[Round "2.9"]
[White "Bermingham, Adam D."]
[Black "Keane, Colm"]
[Result "1/2-1/2"]
[WhiteElo "1653"]
[BlackElo "1738"]
[WhiteICU "1661"]
[BlackICU "1684"]
[WhiteClub "Knights of Eanna"]
[BlackClub "Limerick"]
[WhiteNationality "IRL"]
[BlackNationality "IRL"]
[WhiteFideId "2527197"]
[BlackFideId "2531259"]
[PlyCount "64"]
[ChessResultsKey "1241835"]
[EventSection "3/5"]
[Venue "Diamond Coast Hotel"]
[EventDate "2026.01.30"]

{ Event information: <a
href="https://www.irlchess.com/sligo-cship2026_allfiles/pairings_sligo-cship2026.html">Tournament
report</a>. }

1. d4 Nf6 2. c4 g6 3. Nc3 d5 4. e3 Bg7 5. Qb3 c6 6. Nf3 O-O 7. Bd3 dxc4 8.
Bxc4 b5 9. Be2 a5 10. O-O Ba6 11. Re1 b4 12. Na4 Bxe2 13. Rxe2 Qd5 14. Rc2
Nbd7 15. Qxd5 cxd5 16. Bd2 Rfc8 17. Rac1 Rxc2 18. Rxc2 Ne4 19. Kf1 e6 20.
Ke2 Ndf6 21. h3 Nd6 22. Ne5 Nfe4 23. Be1 f6 24. Nd3 Rc8 25. Rxc8+ Nxc8 26.
f3 Ned6 27. Ndc5 Kf7 28. Nb3 Nb7 29. a3 Bf8 30. axb4 Bxb4 31. Bxb4 axb4 32.
Kd3 Ke7 1/2-1/2

[Event "Sligo Chess and Culture Festival Championship 2026"]
[Site "Enniscrone IRL"]
[Date "2026.01.31"]
[Round "2.10"]
[White "Donohoe, Eugene"]
[Black "Chan, Karina"]
[Result "1/2-1/2"]
[WhiteElo "1740"]
[BlackElo "1642"]
[WhiteICU "1752"]
[BlackICU "1611"]
[WhiteClub "Lucan"]
[WhiteNationality "IRL"]
[BlackNationality "ENG"]
[WhiteFideId "2502445"]
[BlackFideId "426903"]
[PlyCount "146"]
[ChessResultsKey "1241835"]
[EventSection "3/5"]
[Venue "Diamond Coast Hotel"]
[EventDate "2026.01.30"]

{ Event information: <a
href="https://www.irlchess.com/sligo-cship2026_allfiles/pairings_sligo-cship2026.html">Tournament
report</a>. }

1. d4 d5 2. Bf4 c5 3. e3 Nc6 4. Nf3 a6 5. c3 Nf6 6. h3 Bf5 7. Be2 e6 8.
Nbd2 c4 9. Nh4 Be4 10. Nxe4 Nxe4 11. Nf3 Bd6 12. Ne5 Nxe5 13. dxe5 Bc7 14.
O-O O-O 15. Qc2 Rc8 16. Bxc4 Nc5 17. Be2 Nd7 18. Rad1 Bxe5 19. Bxe5 Nxe5
20. e4 d4 21. Qb3 d3 22. Bg4 b5 23. f4 Nc4 24. Rf3 d2 25. Qc2 Qb6+ 26. Kh2
Ne3 27. Rxe3 Qxe3 28. Qxd2 Qxe4 29. Bf3 Qf5 30. Bb7 Rb8 31. Bf3 e5 32. fxe5
Qxe5+ 33. Kh1 h6 34. Re1 Qc7 35. Bd1 Rbe8 36. Bc2 Rxe1+ 37. Qxe1 Qf4 38.
Kg1 g6 39. Bb3 Qd6 40. Qh4 Kg7 41. Qd4+ Qxd4+ 42. cxd4 Rd8 43. d5 Kf6 44.
Kf2 a5 45. a3 a4 46. Ba2 Ke5 47. Ke3 f5 48. g3 g5 49. h4 f4+ 50. gxf4+
gxf4+ 51. Kf3 h5 52. b4 Rd6 53. Ke2 Rg6 54. d6 Kxd6 55. Bf7 Rh6 56. Kf3 Ke5
57. Be8 Rh8 58. Bxb5 Ra8 59. Bc6 Ra7 60. b5 Rc7 61. Kf2 Kd4 62. Kf3 Kc3 63.
Kxf4 Kb2 64. Ke5 Kxa3 65. Kd6 Rg7 66. b6 Kb4 67. b7 Rg8 68. Kc7 a3 69. Bd5
Rg7+ 70. Kc8 Rxb7 71. Kxb7 Kc5 72. Bg8 Kd6 73. Kb6 Ke5 1/2-1/2

[Event "Sligo Chess and Culture Festival Championship 2026"]
[Site "Enniscrone IRL"]
[Date "2026.01.31"]
[Round "2.11"]
[White "O'Connell, Denis"]
[Black "Duffy, James"]
[Result "1-0"]
[WhiteElo "1715"]
[BlackElo "1670"]
[WhiteICU "1796"]
[BlackICU "1600"]
[WhiteClub "Cork"]
[WhiteNationality "IRL"]
[BlackNationality "IRL"]
[WhiteFideId "2505860"]
[BlackFideId "2529009"]
[PlyCount "81"]
[ChessResultsKey "1241835"]
[EventSection "3/5"]
[Venue "Diamond Coast Hotel"]
[EventDate "2026.01.30"]

{ Event information: <a
href="https://www.irlchess.com/sligo-cship2026_allfiles/pairings_sligo-cship2026.html">Tournament
report</a>. }

1. d4 Nf6 2. Nc3 g6 3. e4 d6 4. Bg5 Bg7 5. e5 dxe5 6. dxe5 Nfd7 7. Nd5 c6
8. Nc3 Bxe5 9. Nf3 Bg7 10. Qd2 O-O 11. Bh6 Ne5 12. Nxe5 Qxd2+ 13. Bxd2 Bxe5
14. O-O-O b5 15. Bh6 Re8 16. h4 Bxc3 17. bxc3 Be6 18. Kb2 Nd7 19. Be3 a5
20. Be2 Ne5 21. h5 Bc4 22. Bd3 Red8 23. Bd4 Nxd3+ 24. cxd3 e5 25. dxc4 exd4
26. cxd4 bxc4 27. Kc3 Rab8 28. hxg6 hxg6 29. Rb1 Re8 30. Rxb8 Rxb8 31. Re1
Kf8 32. Re5 Rb5 33. Kxc4 Rxe5 34. dxe5 Ke7 35. Kc5 Kd7 36. a4 Kc7 37. f4
Kb7 38. g4 Kc7 39. f5 gxf5 40. gxf5 Kd7 41. Kb6 1-0

[Event "Sligo Chess and Culture Festival Championship 2026"]
[Site "Enniscrone IRL"]
[Date "2026.01.31"]
[Round "2.13"]
[White "O'Hanlon, Joe"]
[Black "Palihawadana, Aken Pinitha"]
[Result "1-0"]
[WhiteElo "1692"]
[BlackElo "1623"]
[WhiteICU "1732"]
[BlackICU "1714"]
[WhiteClub "Dundalk"]
[BlackClub "Raharney"]
[WhiteNationality "IRL"]
[BlackNationality "IRL"]
[WhiteFideId "2512157"]
[BlackFideId "29982847"]
[PlyCount "157"]
[ChessResultsKey "1241835"]
[EventSection "3/5"]
[Venue "Diamond Coast Hotel"]
[EventDate "2026.01.30"]

{ Event information: <a
href="https://www.irlchess.com/sligo-cship2026_allfiles/pairings_sligo-cship2026.html">Tournament
report</a>. }

1. d4 Nf6 2. Bf4 c6 3. c3 Qb6 4. Qb3 d6 5. e3 Nh5 6. Bg3 Nxg3 7. hxg3 g6 8.
Nf3 Bg7 9. Ng5 Qxb3 10. axb3 h6 11. Nf3 O-O 12. Nbd2 Be6 13. Bd3 Nd7 14.
O-O d5 15. Rfe1 a6 16. e4 dxe4 17. Bxe4 Nf6 18. Bxg6 fxg6 19. Rxe6 Rae8 20.
Rae1 Kf7 21. R6e2 Nd7 22. Nc4 b5 23. Nce5+ Nxe5 24. Nxe5+ Bxe5 25. Rxe5 e6
26. Ra1 Ra8 27. Rc5 Rfc8 28. Kf1 Ke7 29. Ke2 Kd6 30. Rh1 Rh8 31. Kd3 g5 32.
Re5 Rae8 33. Rhe1 Rhf8 34. f3 Rf6 35. c4 Ra8 36. Ra1 Rff8 37. Ree1 Ra7 38.
Rh1 Rf6 39. Rh5 Rg6 40. Rhh1 Rf6 41. Ra5 Kc7 42. Raa1 Kd6 43. Ke4 Ra8 44.
Rhd1 Rf7 45. Rd2 Rf6 46. Rad1 Re8 47. Kd3 Kc7 48. Kc2 Kb7 49. d5 cxd5 50.
cxd5 exd5 51. Rxd5 Rc6+ 52. Kb1 Rec8 53. Rd7+ Kb6 54. R7d6 Ka5 55. Rxc6
Rxc6 56. f4 Kb4 57. Rd3 Re6 58. f5 Re1+ 59. Ka2 Ka5 60. f6 Re8 61. f7 Rf8
62. Rf3 Kb6 63. Kb1 Kc7 64. Kc2 Kd7 65. Kc3 Kc6 66. Kd4 Kd6 67. b4 h5 68.
b3 h4 69. g4 Ke6 70. Kc5 Rxf7 71. Rxf7 Kxf7 72. Kb6 Ke6 73. Kxa6 Ke5 74.
Kxb5 Kf4 75. Kc5 Kg3 76. b5 Kxg2 77. b6 h3 78. b7 h2 79. b8=Q 1-0

[Event "Sligo Chess and Culture Festival Championship 2026"]
[Site "Enniscrone IRL"]
[Date "2026.01.31"]
[Round "2.15"]
[White "Wieczorek, Jarek"]
[Black "O'Hara, Austin"]
[Result "1-0"]
[WhiteElo "1744"]
[BlackElo "1650"]
[WhiteICU "1755"]
[WhiteClub "Galway"]
[WhiteNationality "IRL"]
[BlackNationality "IRL"]
[WhiteFideId "2528223"]
[BlackFideId "2523825"]
[PlyCount "139"]
[ChessResultsKey "1241835"]
[EventSection "3/5"]
[Venue "Diamond Coast Hotel"]
[EventDate "2026.01.30"]

{ Event information: <a
href="https://www.irlchess.com/sligo-cship2026_allfiles/pairings_sligo-cship2026.html">Tournament
report</a>. }

1. Nf3 Nf6 2. b3 a5 3. a3 d5 4. Bb2 Bf5 5. d3 e6 6. Nbd2 Bd6 7. g3 h6 8.
Bg2 O-O 9. O-O c6 10. h3 Nbd7 11. Re1 Bb8 12. e4 Bg6 13. Qe2 dxe4 14. dxe4
Qc7 15. Rad1 Ba7 16. e5 Nh5 17. Nf1 Rae8 18. Kh2 f5 19. exf6 Nhxf6 20. Ne5
Bh7 21. f4 Nxe5 22. Bxe5 Qb6 23. Bd4 c5 24. Be5 Rd8 25. Ne3 Rxd1 26. Rxd1
Bg6 27. Nc4 Qa6 28. Bc3 Be8 29. Rd6 b6 30. Qxe6+ Bf7 31. Qe2 Bb8 32. Rxb6
Bxc4 33. Qxc4+ Qxc4 34. bxc4 Re8 35. Bd5+ Nxd5 36. cxd5 Bc7 37. Rb7 Re7 38.
Bxa5 Re2+ 39. Kg1 Bxa5 40. Rb5 Bd2 41. d6 Be3+ 42. Kf1 Rd2 43. Rb3 Bd4 44.
Ke1 Rxc2 45. d7 Bf6 46. Rb8+ Kf7 47. d8=Q Bxd8 48. Rxd8 Rc3 49. Rd7+ Kf8
50. Kd2 Rxa3 51. Rd3 Rxd3+ 52. Kxd3 g5 53. f5 h5 54. Kc4 Ke7 55. Kxc5 Kf6
56. g4 hxg4 57. hxg4 Ke7 58. Kd5 Kf6 59. Kd6 Kf7 60. Ke5 Ke7 61. f6+ Kf8
62. Kf5 Kg8 63. Kxg5 Kh8 64. Kf5 Kg8 65. Ke6 Kf8 66. g5 Ke8 67. g6 Kf8 68.
g7+ Kg8 69. Ke7 Kh7 70. f7 1-0

[Event "Sligo Chess and Culture Festival Championship 2026"]
[Site "Enniscrone IRL"]
[Date "2026.01.31"]
[Round "2.17"]
[White "Thomas, Kevin"]
[Black "McInerney, Kevin"]
[Result "1-0"]
[WhiteElo "1737"]
[BlackElo "1626"]
[BlackICU "1722"]
[BlackClub "Ennis"]
[WhiteNationality "WLS"]
[BlackNationality "IRL"]
[WhiteFideId "1800647"]
[BlackFideId "2524350"]
[PlyCount "71"]
[ChessResultsKey "1241835"]
[EventSection "3/5"]
[Venue "Diamond Coast Hotel"]
[EventDate "2026.01.30"]

{ Event information: <a
href="https://www.irlchess.com/sligo-cship2026_allfiles/pairings_sligo-cship2026.html">Tournament
report</a>. }

1. e4 c5 2. d4 cxd4 3. c3 Nc6 4. Nf3 g6 5. Bc4 Bg7 6. O-O Nf6 7. e5 Ng4 8.
cxd4 d5 9. Bb3 O-O 10. Nc3 e6 11. Re1 f6 12. h3 Nh6 13. exf6 Qxf6 14. Bg5
Qf7 15. Qd2 Nf5 16. Be3 Nxe3 17. Qxe3 Qf4 18. Rad1 Bd7 19. Ne2 Qf6 20. Qd3
Ne7 21. Nc3 Nf5 22. Ne5 Nh4 23. Qg3 Nf5 24. Nxd7 Qd8 25. Nxf8 Nxg3 26. Nxe6
Qd6 27. fxg3 Qxg3 28. Bxd5 Kh8 29. Nxg7 Kxg7 30. Re7+ Kh6 31. Ne4 Qe3+ 32.
Kh1 Rc8 33. Rxb7 Rc2 34. Nf6 Qe2 35. Bf3 Qe3 36. Ng4+ 1-0

[Event "Sligo Chess and Culture Festival Championship 2026"]
[Site "Enniscrone IRL"]
[Date "2026.01.31"]
[Round "2.18"]
[White "Megadi-Walia, Rohan"]
[Black "Marshall, Roy"]
[Result "0-1"]
[WhiteElo "1624"]
[BlackElo "1733"]
[BlackICU "1763"]
[BlackClub "Ennis"]
[WhiteNationality "IRL"]
[BlackNationality "IRL"]
[WhiteFideId "2536455"]
[BlackFideId "2519178"]
[PlyCount "94"]
[ChessResultsKey "1241835"]
[EventSection "3/5"]
[Venue "Diamond Coast Hotel"]
[EventDate "2026.01.30"]

{ Event information: <a
href="https://www.irlchess.com/sligo-cship2026_allfiles/pairings_sligo-cship2026.html">Tournament
report</a>. }

1. e4 d6 2. d4 Nf6 3. Nc3 g6 4. Nf3 Bg7 5. Bc4 O-O 6. O-O Nxe4 7. Nxe4 d5
8. Bd3 dxe4 9. Bxe4 c6 10. c3 Nd7 11. d5 Nf6 12. Bc2 Nxd5 13. Bb3 b5 14. c4
Nb6 15. cxb5 cxb5 16. Ng5 e6 17. Qf3 Nd5 18. Rd1 Bb7 19. Ne4 Qb6 20. Qg3 a5
21. Qh4 a4 22. Bxd5 exd5 23. Ng5 h6 24. Nf3 g5 25. Qh5 d4 26. Qg4 Bxf3 27.
Qxf3 Rac8 28. b3 Rc3 29. Rd3 Rfc8 30. Bb2 Rc2 31. Qg4 Qc5 32. Rb1 Rc7 33.
Ba1 Rxa2 34. Bxd4 Qc2 35. Rf1 Qxd3 36. Be3 Rcc2 37. Rd1 Qxd1+ 38. Qxd1 Ra1
39. Qxa1 Bxa1 40. bxa4 bxa4 41. Kf1 Be5 42. Bb6 a3 43. Ke1 a2 44. Kd1 Rb2
45. Be3 a1=Q+ 46. Bc1 Bf4 47. g3 Qxc1# 0-1

[Event "Sligo Chess and Culture Festival Championship 2026"]
[Site "Enniscrone IRL"]
[Date "2026.01.31"]
[Round "2.19"]
[White "Sloan, Cecil"]
[Black "Venskus, Dominykas"]
[Result "1/2-1/2"]
[WhiteElo "1615"]
[BlackElo "1721"]
[WhiteICU "1801"]
[BlackICU "1761"]
[BlackClub "Drogheda"]
[WhiteNationality "USA"]
[BlackNationality "IRL"]
[WhiteFideId "2036738"]
[BlackFideId "2536374"]
[PlyCount "59"]
[ChessResultsKey "1241835"]
[EventSection "3/5"]
[Venue "Diamond Coast Hotel"]
[EventDate "2026.01.30"]

{ Event information: <a
href="https://www.irlchess.com/sligo-cship2026_allfiles/pairings_sligo-cship2026.html">Tournament
report</a>. }

1. e4 c6 2. d4 d5 3. exd5 cxd5 4. Bd3 Nc6 5. c3 Qc7 6. Ne2 Bg4 7. f3 Bd7 8.
Bf4 e5 9. dxe5 Nxe5 10. Bc2 Nf6 11. O-O Bd6 12. Ba4 b5 13. Bb3 Nc4 14. Bxc4
Bxf4 15. Nxf4 Qxf4 16. Qe2+ Kd8 17. Bb3 Re8 18. Qf2 Qe3 19. Na3 Qxf2+ 20.
Kxf2 a6 21. Nc2 Kc7 22. Nd4 Re7 23. Rfe1 Rae8 24. Rxe7 Rxe7 25. Re1 Rxe1
26. Kxe1 Kd6 27. Bc2 Ke5 28. Kd2 h5 29. Ke3 g5 30. g3 1/2-1/2

[Event "Sligo Chess and Culture Festival Championship 2026"]
[Site "Enniscrone IRL"]
[Date "2026.01.31"]
[Round "2.21"]
[White "Stacey, Derek"]
[Black "Bun, Oleh"]
[Result "0-1"]
[WhiteElo "1609"]
[BlackElo "1655"]
[WhiteICU "1470"]
[WhiteClub "Curragh"]
[WhiteNationality "IRL"]
[BlackNationality "UKR"]
[WhiteFideId "2505266"]
[BlackFideId "34161910"]
[PlyCount "52"]
[ChessResultsKey "1241835"]
[EventSection "3/5"]
[Venue "Diamond Coast Hotel"]
[EventDate "2026.01.30"]

{ Event information: <a
href="https://www.irlchess.com/sligo-cship2026_allfiles/pairings_sligo-cship2026.html">Tournament
report</a>. }

1. e4 c5 2. d4 cxd4 3. c3 dxc3 4. Nxc3 Nc6 5. Nf3 e5 6. Bc4 h6 7. O-O f5 8.
Qd5 Qe7 9. exf5 Nf6 10. Qd1 a6 11. Re1 d6 12. Nd5 Nxd5 13. Bxd5 Bxf5 14.
Be3 g5 15. h3 Bg7 16. Rc1 Bd7 17. Qd3 Qf6 18. Bd4 Nb4 19. Qc4 Nxd5 20. Qxd5
Bc6 21. Rxc6 bxc6 22. Qxc6+ Kf7 23. Nxe5+ dxe5 24. Qxf6+ Bxf6 25. Bxe5 Bxe5
26. Rxe5 Rhe8 0-1